| 000 | 00459nam a2200157Ia 4500 | ||
|---|---|---|---|
| 008 | 230312s9999||||xx |||||||||||||| ||und|| | ||
| 020 | _a0-256-19906-x | ||
| 082 |
_a004.21 _bMHI-S |
||
| 100 | _aJeffrey L. Whitten | ||
| 245 | 0 | _aSystems Analysis And Design Methods | |
| 260 |
_bMcGraw Hill _aNew York _c1999 |
||
| 300 | _a724 | ||
| 546 | _aEng. | ||
| 650 |
_aComputer _vSystem analysis methods, System design And Design methods, Cross life cycle |
||
| 942 | _cBK | ||
| 999 |
_c3445 _d3445 |
||